| 000 | 00814nam0a22002411 4500 | ||
|---|---|---|---|
| 001 | rc\450805 | ||
| 005 | 20030616171540.7 | ||
| 035 | _a(NLR Aleph) 005695802 | ||
| 090 |
_a7224773 _c7224773 |
||
| 100 | _a20030616d1987 u |0rusy50 ca | ||
| 101 | 0 | _arus | |
| 102 | _aRU | ||
| 105 | _aa ||||||||| | ||
| 200 | 1 |
_aСправочник молодого электросварщика по ручной сварке _e[Для сред. ПТУ] |
|
| 210 |
_aМ. _cМашиностроение _d1987 |
||
| 215 |
_a110, [2] с. _cил. _d24 |
||
| 700 | 1 |
_aЧернышов _bГ. Г. _gГеоргий Георгиевич |
|
| 701 | 1 |
_aМордынский _bВ. Б. _gВиталий Брониславович |
|
| 801 | 0 |
_aRU _bNLR _gpsbo |
|
| 801 | 1 |
_aRU _bELAR _2rusmarc |
|
| 852 |
_aNLR _j87-7/794 |
||
| 942 | _cBOOK | ||
| 980 | _aNB | ||